[Event "Benidorm Satellite preliminary"]
[Site "playchess.com #007036"]
[Date "2009.10.24"]
[Round "10"]
[White "Franky Bono"]
[Black "Master--Sim"]
[Result "0-1"]
[WhiteElo "2078"]
[BlackElo "1968"]
[PlyCount "120"]
[EventDate "2009.10.24"]
[EventType "swiss (blitz)"]

1. d4 {[%emt 0:00:01]} d6 {[%emt 0:00:02]} 2. c4 {[%emt 0:00:01]} g6 {[%emt 0:
00:01]} 3. Nc3 {[%emt 0:00:01]} Bg7 {[%emt 0:00:01]} 4. e4 {[%emt 0:00:01]} Nc6
{[%emt 0:00:01]} 5. d5 {[%emt 0:00:02]} Nd4 {[%emt 0:00:03]} 6. Be3 {[%emt 0:
00:05]} c5 {[%emt 0:00:02]} 7. dxc6 {[%emt 0:00:02]} Nxc6 {[%emt 0:00:02]} 8.
f4 {[%emt 0:00:01]} Nf6 {[%emt 0:00:04]} 9. Be2 {[%emt 0:00:01]} O-O {[%emt 0:
00:02]} 10. Nf3 {[%emt 0:00:02]} Ng4 {[%emt 0:00:09]} 11. Bg1 {[%emt 0:00:01]}
a6 {[%emt 0:00:07]} 12. a3 {[%emt 0:00:02]} Qa5 {[%emt 0:00:03]} 13. Qd2 {
[%emt 0:00:04]} Qc7 {[%emt 0:00:04]} 14. Rd1 {[%emt 0:00:03]} Be6 {[%emt 0:00:
07]} 15. Nd5 {[%emt 0:00:06]} Bxd5 {[%emt 0:00:03]} 16. cxd5 {[%emt 0:00:01]}
Na5 {[%emt 0:00:01]} 17. Rc1 {[%emt 0:00:03]} Qd8 {[%emt 0:00:01]} 18. Qd3 {
[%emt 0:00:15]} b5 {[%emt 0:00:03]} 19. b4 {[%emt 0:00:04]} Nc4 {[%emt 0:00:01]
} 20. h3 {[%emt 0:00:06]} Nf6 {[%emt 0:00:04]} 21. Bd4 {[%emt 0:00:02]} Nh5 {
[%emt 0:00:04]} 22. Bxg7 {[%emt 0:00:05]} Nxg7 {[%emt 0:00:03]} 23. Qb3 {[%emt
0:00:07]} Nb6 {[%emt 0:00:07]} 24. O-O {[%emt 0:00:02]} Qd7 {[%emt 0:00:05]}
25. Rc6 {[%emt 0:00:05]} Na4 {[%emt 0:00:05]} 26. Rfc1 {[%emt 0:00:02]} Rfc8 {
[%emt 0:00:04]} 27. Nd4 {[%emt 0:00:03]} Rxc6 {[%emt 0:00:02]} 28. Rxc6 {[%emt
0:00:03]} Qa7 {[%emt 0:00:04]} 29. Qd3 {[%emt 0:00:12]} h5 {[%emt 0:00:11]} 30.
Kh2 {[%emt 0:00:01]} Ne8 {[%emt 0:00:02]} 31. e5 {[%emt 0:00:05]} Kg7 {[%emt 0:
00:03]} 32. Nf3 {[%emt 0:00:06]} Qf2 {[%emt 0:00:07]} 33. Bd1 {[%emt 0:00:11]}
Nb2 {[%emt 0:00:08]} 34. Qc2 {[%emt 0:00:01]} Nxd1 {[%emt 0:00:05]} 35. Qxd1 {
[%emt 0:00:01]} Ra7 {[%emt 0:00:09]} 36. Qd4 {[%emt 0:00:02]} Qxd4 {[%emt 0:00:
06]} 37. Nxd4 {[%emt 0:00:00]} dxe5 {[%emt 0:00:06]} 38. fxe5 {[%emt 0:00:01]}
Rd7 {[%emt 0:00:02]} 39. Rxa6 {[%emt 0:00:11]} Rxd5 {[%emt 0:00:04]} 40. Nf3 {
[%emt 0:00:00]} Rd3 {[%emt 0:00:09]} 41. Ra5 {[%emt 0:00:03]} Nc7 {[%emt 0:00:
03]} 42. Ra7 {[%emt 0:00:04]} Ne6 {[%emt 0:00:02]} 43. Rxe7 {[%emt 0:00:06]}
Rxa3 {[%emt 0:00:01]} 44. Rb7 {[%emt 0:00:01]} Ra2 {[%emt 0:00:06]} 45. Kg3 {
[%emt 0:00:10]} g5 {[%emt 0:00:04]} 46. Rxb5 {[%emt 0:00:11]} h4+ {[%emt 0:00:
03]} 47. Kg4 {[%emt 0:00:10]} Kg6 {[%emt 0:00:12]} 48. Nxh4+ {[%emt 0:00:12]}
gxh4 {[%emt 0:00:02]} 49. Kxh4 {[%emt 0:00:01]} Rxg2 {[%emt 0:00:02]} 50. Rb6 {
[%emt 0:00:05]} Re2 {[%emt 0:00:05]} 51. Rb5 {[%emt 0:00:05]} Re4+ {[%emt 0:00:
07]} 52. Kg3 {[%emt 0:00:01]} Kf5 {[%emt 0:00:03]} 53. Rb7 {[%emt 0:00:03]} Kg6
{[%emt 0:00:08]} 54. Rb5 {[%emt 0:00:03]} Nd4 {[%emt 0:00:02]} 55. Rb6+ {[%emt
0:00:02]} Kg7 {[%emt 0:00:02]} 56. Rd6 {[%emt 0:00:04]} Nf5+ {[%emt 0:00:02]}
57. Kf3 {[%emt 0:00:02]} Nxd6 {[%emt 0:00:02]} 58. exd6 {[%emt 0:00:01]} Rxb4 {
[%emt 0:00:01]} 59. Ke3 {[%emt 0:00:04]} Kf6 {[%emt 0:00:01]} 60. d7 {[%emt 0:
00:01]} Ke7 {[%emt 0:00:03] Franky Bono resigns} 0-1

[Event "Benidorm Satellite preliminary"]
[Site "playchess.com #007036"]
[Date "2009.10.24"]
[Round "10"]
[White "Panosjoydome"]
[Black "Bartimäus"]
[Result "1-0"]
[WhiteElo "1732"]
[BlackElo "1799"]
[PlyCount "77"]
[EventDate "2009.10.24"]
[EventType "swiss (blitz)"]

1. e4 {[%emt 0:00:03]} e6 {[%emt 0:00:01]} 2. d3 {[%emt 0:00:02]} c5 {[%emt 0:
00:02]} 3. Nd2 {[%emt 0:00:01]} Nc6 {[%emt 0:00:02]} 4. Ngf3 {[%emt 0:00:01]}
d6 {[%emt 0:00:01]} 5. g3 {[%emt 0:00:01]} Nf6 {[%emt 0:00:02]} 6. Bg2 {[%emt
0:00:00]} Be7 {[%emt 0:00:01]} 7. O-O {[%emt 0:00:01]} O-O {[%emt 0:00:01]} 8.
Re1 {[%emt 0:00:01]} a6 {[%emt 0:00:03]} 9. h4 {[%emt 0:00:01]} Qc7 {[%emt 0:
00:01]} 10. a4 {[%emt 0:00:06]} Bd7 {[%emt 0:00:03]} 11. Nf1 {[%emt 0:00:13]}
b5 {[%emt 0:00:01]} 12. axb5 {[%emt 0:00:03]} axb5 {[%emt 0:00:01]} 13. Rxa8 {
[%emt 0:00:02]} Rxa8 {[%emt 0:00:01]} 14. Bf4 {[%emt 0:00:01]} e5 {[%emt 0:00:
02]} 15. Be3 {[%emt 0:00:04]} h6 {[%emt 0:00:14]} 16. Qd2 {[%emt 0:00:03]} Be6
{[%emt 0:00:09]} 17. N1h2 {[%emt 0:00:15]} Ra2 {[%emt 0:00:08]} 18. Bxh6 {
[%emt 0:00:37]} Rxb2 {[%emt 0:00:05]} 19. Bg5 {[%emt 0:00:10]} Nd4 {[%emt 0:00:
08]} 20. Bxf6 {[%emt 0:00:09]} Bxf6 {[%emt 0:00:02]} 21. Rc1 {[%emt 0:00:08]}
b4 {[%emt 0:00:19]} 22. Qd1 {[%emt 0:00:29]} b3 {[%emt 0:00:26]} 23. cxb3 {
[%emt 0:00:03]} Nxb3 {[%emt 0:00:03]} 24. Rb1 {[%emt 0:00:04]} Rxb1 {[%emt 0:
00:08]} 25. Qxb1 {[%emt 0:00:00]} Qa5 {[%emt 0:00:03]} 26. Ng5 {[%emt 0:00:04]}
Bxg5 {[%emt 0:00:09]} 27. hxg5 {[%emt 0:00:00]} Qd2 {[%emt 0:00:06]} 28. Nf3 {
[%emt 0:00:01]} Qc3 {[%emt 0:00:10]} 29. Kh2 {[%emt 0:00:20]} g6 {[%emt 0:00:
15]} 30. Qa2 {[%emt 0:00:38]} Qxd3 {[%emt 0:00:12]} 31. Qa8+ {[%emt 0:00:01]}
Kg7 {[%emt 0:00:02]} 32. Qd8 {[%emt 0:00:05]} Nd4 {[%emt 0:00:35] '} 33. Qf6+ {
[%emt 0:00:04]} Kh7 {[%emt 0:00:02]} 34. Nh4 {[%emt 0:00:01]} c4 {[%emt 0:00:
16]} 35. Qd8 {[%emt 0:00:02]} c3 {[%emt 0:00:04]} 36. Qf8 {[%emt 0:00:02]} c2 {
[%emt 0:00:05]} 37. Qh6+ {[%emt 0:00:02]} Kg8 {[%emt 0:00:01]} 38. Nxg6 {[%emt
0:00:00]} c1=Q {[%emt 0:00:07]} 39. Qh8# {[%emt 0:00:02]} 1-0

[Event "Benidorm Satellite preliminary"]
[Site "playchess.com #007036"]
[Date "2009.10.24"]
[Round "10"]
[White "Daisuke"]
[Black "MONFMA0214"]
[Result "1-0"]
[WhiteElo "1826"]
[BlackElo "1697"]
[PlyCount "139"]
[EventDate "2009.10.24"]
[EventType "swiss (blitz)"]

1. Nc3 {[%emt 0:00:01]} Nf6 {[%emt 0:00:03]} 2. e4 {[%emt 0:00:01]} e6 {[%emt
0:00:01]} 3. e5 {[%emt 0:00:01]} Nd5 {[%emt 0:00:06]} 4. Nxd5 {[%emt 0:00:02]}
exd5 {[%emt 0:00:01]} 5. d4 {[%emt 0:00:01]} c5 {[%emt 0:00:02]} 6. c3 {[%emt
0:00:02]} d6 {[%emt 0:00:04]} 7. f4 {[%emt 0:00:02]} dxe5 {[%emt 0:00:04]} 8.
fxe5 {[%emt 0:00:01]} Nc6 {[%emt 0:00:13]} 9. Nf3 {[%emt 0:00:02]} Bg4 {[%emt
0:00:03]} 10. Bb5 {[%emt 0:00:01]} cxd4 {[%emt 0:00:04]} 11. Bxc6+ {[%emt 0:00:
01]} bxc6 {[%emt 0:00:03]} 12. cxd4 {[%emt 0:00:01]} c5 {[%emt 0:00:09]} 13.
Qa4+ {[%emt 0:00:02]} Qd7 {[%emt 0:00:02]} 14. Qxd7+ {[%emt 0:00:02]} Kxd7 {
[%emt 0:00:01]} 15. dxc5 {[%emt 0:00:04]} Bxc5 {[%emt 0:00:02]} 16. Bf4 {[%emt
0:00:02]} Rac8 {[%emt 0:00:47]} 17. a3 {[%emt 0:00:12]} Bb6 {[%emt 0:00:06]}
18. b4 {[%emt 0:00:02]} Rc4 {[%emt 0:00:11]} 19. Bg3 {[%emt 0:00:04]} Rhc8 {
[%emt 0:00:16]} 20. Rd1 {[%emt 0:00:10]} Bxf3 {[%emt 0:00:16]} 21. gxf3 {[%emt
0:00:04]} Ke6 {[%emt 0:00:02]} 22. Rf1 {[%emt 0:00:07]} Rc3 {[%emt 0:00:09]}
23. a4 {[%emt 0:00:04]} Re3+ {[%emt 0:00:07]} 24. Kd2 {[%emt 0:00:02]} Rcc3 {
[%emt 0:00:07]} 25. a5 {[%emt 0:00:04]} Bd8 {[%emt 0:00:25]} 26. f4 {[%emt 0:
00:14]} Be7 {[%emt 0:00:07]} 27. f5+ {[%emt 0:00:02]} Kd7 {[%emt 0:00:03]} 28.
e6+ {[%emt 0:00:01]} fxe6 {[%emt 0:00:01]} 29. fxe6+ {[%emt 0:00:01]} Kxe6 {
[%emt 0:00:01]} 30. Rfe1 {[%emt 0:00:01]} Rcd3+ {[%emt 0:00:08]} 31. Kc2 {
[%emt 0:00:01]} d4 {[%emt 0:00:08]} 32. Rxe3+ {[%emt 0:00:02]} Rxe3 {[%emt 0:
00:01]} 33. Rxd4 {[%emt 0:00:02]} Bf6 {[%emt 0:00:01]} 34. Rd6+ {[%emt 0:00:02]
} Ke7 {[%emt 0:00:01]} 35. Rc6 {[%emt 0:00:02]} Re2+ {[%emt 0:00:01]} 36. Kd3 {
[%emt 0:00:01]} Rb2 {[%emt 0:00:03]} 37. Rc7+ {[%emt 0:00:05]} Ke6 {[%emt 0:00:
03]} 38. Rb7 {[%emt 0:00:01]} Rb3+ {[%emt 0:00:05]} 39. Kc4 {[%emt 0:00:01]}
Rc3+ {[%emt 0:00:02]} 40. Kb5 {[%emt 0:00:02]} Kd5 {[%emt 0:00:05]} 41. Rxa7 {
[%emt 0:00:04]} h5 {[%emt 0:00:04]} 42. Rd7+ {[%emt 0:00:01]} Ke6 {[%emt 0:00:
01]} 43. Rd6+ {[%emt 0:00:01]} Ke7 {[%emt 0:00:00]} 44. Rc6 {[%emt 0:00:01]} h4
{[%emt 0:00:01]} 45. Rxc3 {[%emt 0:00:02]} Bxc3 {[%emt 0:00:03]} 46. Bxh4+ {
[%emt 0:00:01]} Ke6 {[%emt 0:00:01]} 47. Kc4 {[%emt 0:00:02]} Be5 {[%emt 0:00:
03]} 48. Bg3 {[%emt 0:00:02]} Bf6 {[%emt 0:00:03]} 49. b5 {[%emt 0:00:02]} Kd7
{[%emt 0:00:01]} 50. Kc5 {[%emt 0:00:02]} Kc8 {[%emt 0:00:01]} 51. Kc6 {[%emt
0:00:01]} Bd4 {[%emt 0:00:02]} 52. Kd6 {[%emt 0:00:04]} Kb7 {[%emt 0:00:02]}
53. Be5 {[%emt 0:00:01]} Bg1 {[%emt 0:00:03]} 54. h4 {[%emt 0:00:02]} Bf2 {
[%emt 0:00:02]} 55. h5 {[%emt 0:00:02]} Be1 {[%emt 0:00:05]} 56. Bxg7 {[%emt 0:
00:05]} Bxa5 {[%emt 0:00:01]} 57. Kc5 {[%emt 0:00:02]} Bb6+ {[%emt 0:00:02]}
58. Kc4 {[%emt 0:00:01]} Be3 {[%emt 0:00:02]} 59. h6 {[%emt 0:00:05]} Bxh6 {
[%emt 0:00:01]} 60. Bxh6 {[%emt 0:00:00]} Kc7 {[%emt 0:00:01]} 61. Kc5 {[%emt
0:00:01]} Kb7 {[%emt 0:00:01]} 62. Bg5 {[%emt 0:00:02]} Kc7 {[%emt 0:00:01]}
63. Bf4+ {[%emt 0:00:01]} Kb7 {[%emt 0:00:01]} 64. b6 {[%emt 0:00:03]} Ka8 {
[%emt 0:00:01]} 65. Bd2 {[%emt 0:00:03]} Kb7 {[%emt 0:00:01]} 66. Kb5 {[%emt 0:
00:01]} Ka8 {[%emt 0:00:02]} 67. Kc6 {[%emt 0:00:02]} Kb8 {[%emt 0:00:01]} 68.
b7 {[%emt 0:00:02]} Ka7 {[%emt 0:00:01]} 69. Kc7 {[%emt 0:00:01]} Ka6 {[%emt 0:
00:01]} 70. Be3 {[%emt 0:00:06] MONFMA0214 rinde} 1-0

[Event "Benidorm Satellite preliminary"]
[Site "playchess.com #007036"]
[Date "2009.10.24"]
[Round "10"]
[White "Remco"]
[Black "Misu2008"]
[Result "1-0"]
[WhiteElo "2249"]
[BlackElo "1848"]
[PlyCount "79"]
[EventDate "2009.10.24"]
[EventType "swiss (blitz)"]

1. e4 {[%emt 0:00:02]} d5 {[%emt 0:00:01]} 2. exd5 {[%emt 0:00:00]} Nf6 {[%emt
0:00:02]} 3. Nf3 {[%emt 0:00:04]} Nxd5 {[%emt 0:00:01]} 4. d4 {[%emt 0:00:04]}
Bf5 {[%emt 0:00:05]} 5. a3 {[%emt 0:00:18]} e6 {[%emt 0:00:05]} 6. c4 {[%emt 0:
00:13]} Nb6 {[%emt 0:00:01]} 7. c5 {[%emt 0:00:02]} Nd5 {[%emt 0:00:02]} 8. Nc3
{[%emt 0:00:02]} Be7 {[%emt 0:00:20]} 9. Bd3 {[%emt 0:00:16]} Bg4 {[%emt 0:00:
07]} 10. h3 {[%emt 0:00:11]} Bh5 {[%emt 0:00:07]} 11. Qc2 {[%emt 0:00:20]} Bxf3
{[%emt 0:00:04]} 12. gxf3 {[%emt 0:00:00]} Bf6 {[%emt 0:00:07]} 13. Be3 {[%emt
0:00:08]} Nc6 {[%emt 0:00:07]} 14. Bb5 {[%emt 0:00:06]} Nde7 {[%emt 0:00:03]}
15. O-O-O {[%emt 0:00:03]} a6 {[%emt 0:00:04]} 16. Ba4 {[%emt 0:00:11]} O-O {
[%emt 0:00:27]} 17. Rhg1 {[%emt 0:00:10]} b5 {[%emt 0:00:10]} 18. cxb6 {[%emt
0:00:26]} cxb6 {[%emt 0:00:02]} 19. Bxc6 {[%emt 0:00:02]} Nxc6 {[%emt 0:00:02]}
20. d5 {[%emt 0:00:01]} Na5 {[%emt 0:00:59]} 21. dxe6 {[%emt 0:00:09]} Qe7 {
[%emt 0:00:05]} 22. Nd5 {[%emt 0:00:14]} Qxe6 {[%emt 0:00:01]} 23. Nxf6+ {
[%emt 0:00:01]} Qxf6 {[%emt 0:00:01]} 24. Bd4 {[%emt 0:00:01]} Qf4+ {[%emt 0:
00:13]} 25. Kb1 {[%emt 0:00:08]} f6 {[%emt 0:00:03]} 26. Rg4 {[%emt 0:00:11]}
Qxf3 {[%emt 0:00:03]} 27. Rdg1 {[%emt 0:00:13]} Rf7 {[%emt 0:00:04]} 28. Bxb6 {
[%emt 0:00:11]} Nb3 {[%emt 0:00:05]} 29. R4g3 {[%emt 0:00:01]} Qb7 {[%emt 0:00:
06]} 30. Rxb3 {[%emt 0:00:02]} Rc8 {[%emt 0:00:01]} 31. Qd2 {[%emt 0:00:01]}
Qe4+ {[%emt 0:00:04]} 32. Ka2 {[%emt 0:00:02]} a5 {[%emt 0:00:03]} 33. Bxa5 {
[%emt 0:00:02]} Qc4 {[%emt 0:00:03]} 34. Qc3 {[%emt 0:00:02]} Qe6 {[%emt 0:00:
02]} 35. Qb4 {[%emt 0:00:02]} Rd7 {[%emt 0:00:03]} 36. Re1 {[%emt 0:00:01]} Qf7
{[%emt 0:00:02]} 37. Qe4 {[%emt 0:00:02]} Rb8 {[%emt 0:00:06]} 38. Bb4 {[%emt
0:00:01]} Rdb7 {[%emt 0:00:02]} 39. Qe6 {[%emt 0:00:01]} Qxe6 {[%emt 0:00:07]}
40. Rxe6 {[%emt 0:00:00] Misu2008 resigns} 1-0

[Event "Benidorm Satellite preliminary"]
[Site "playchess.com #007036"]
[Date "2009.10.24"]
[Round "10"]
[White "Vasily Mln"]
[Black "Masfouf"]
[Result "0-1"]
[WhiteElo "2057"]
[BlackElo "2026"]
[PlyCount "64"]
[EventDate "2009.10.24"]
[EventType "swiss (blitz)"]

1. d4 {[%emt 0:00:01]} d5 {[%emt 0:00:01]} 2. c4 {[%emt 0:00:01]} e6 {[%emt 0:
00:05]} 3. Nc3 {[%emt 0:00:02]} Nf6 {[%emt 0:00:00]} 4. Bg5 {[%emt 0:00:03]}
Be7 {[%emt 0:00:01]} 5. Nf3 {[%emt 0:00:01]} Nbd7 {[%emt 0:00:18]} 6. e3 {
[%emt 0:00:03]} O-O {[%emt 0:00:01]} 7. Qc2 {[%emt 0:00:03]} c6 {[%emt 0:00:00]
} 8. Rd1 {[%emt 0:00:02]} h6 {[%emt 0:00:01]} 9. h4 {[%emt 0:00:07]} Ne4 {
[%emt 0:00:04]} 10. Nxe4 {[%emt 0:00:16]} dxe4 {[%emt 0:00:02]} 11. Qxe4 {
[%emt 0:00:09]} Qa5+ {[%emt 0:00:07]} 12. Nd2 {[%emt 0:00:05]} Nf6 {[%emt 0:00:
34]} 13. Bxf6 {[%emt 0:00:03]} Bxf6 {[%emt 0:00:02]} 14. Bd3 {[%emt 0:00:01]}
g6 {[%emt 0:00:02]} 15. h5 {[%emt 0:00:01]} Bg7 {[%emt 0:00:21]} 16. hxg6 {
[%emt 0:00:06]} f5 {[%emt 0:00:01]} 17. Qh4 {[%emt 0:00:12]} e5 {[%emt 0:00:07]
} 18. dxe5 {[%emt 0:00:15]} Qxe5 {[%emt 0:00:02]} 19. O-O {[%emt 0:00:45]} Qxb2
{[%emt 0:00:07]} 20. Bb1 {[%emt 0:00:26]} Be6 {[%emt 0:00:05]} 21. Qe7 {[%emt
0:00:06]} Rf6 {[%emt 0:00:18]} 22. Nf3 {[%emt 0:00:10]} Bxc4 {[%emt 0:00:20]}
23. Rd2 {[%emt 0:00:33]} Qb6 {[%emt 0:00:14]} 24. Rfd1 {[%emt 0:00:03]} Bd5 {
[%emt 0:00:12]} 25. Nh4 {[%emt 0:00:06]} Raf8 {[%emt 0:00:09]} 26. Nxf5 {[%emt
0:00:05]} Rxf5 {[%emt 0:00:02]} 27. Bxf5 {[%emt 0:00:02]} Rxf5 {[%emt 0:00:01]}
28. e4 {[%emt 0:00:00]} Re5 {[%emt 0:00:08]} 29. Qh4 {[%emt 0:00:10]} Rxe4 {
[%emt 0:00:03]} 30. Qg3 {[%emt 0:00:02]} Be5 {[%emt 0:00:19]} 31. Qh3 {[%emt 0:
00:02]} Qd8 {[%emt 0:00:12]} 32. Qxh6 {[%emt 0:00:03]} Qe7 {[%emt 0:00:01]
Âðåìÿ} 0-1

[Event "Benidorm Satellite preliminary"]
[Site "playchess.com #007036"]
[Date "2009.10.24"]
[Round "10"]
[White "Beckhambauer"]
[Black "Kshorg"]
[Result "0-1"]
[WhiteElo "1590"]
[BlackElo "1688"]
[PlyCount "102"]
[EventDate "2009.10.24"]
[EventType "swiss (blitz)"]

1. d4 {[%emt 0:00:03]} b6 {[%emt 0:00:01]} 2. c4 {[%emt 0:00:01]} Bb7 {[%emt 0:
00:01]} 3. Nc3 {[%emt 0:00:01]} e6 {[%emt 0:00:01]} 4. e4 {[%emt 0:00:02]} Ne7
{[%emt 0:00:01]} 5. f3 {[%emt 0:00:01]} g6 {[%emt 0:00:01]} 6. Be3 {[%emt 0:00:
01]} Bg7 {[%emt 0:00:00]} 7. Bd3 {[%emt 0:00:04]} d6 {[%emt 0:00:01]} 8. Nge2 {
[%emt 0:00:01]} Nd7 {[%emt 0:00:01]} 9. Qd2 {[%emt 0:00:04]} h6 {[%emt 0:00:01]
} 10. a3 {[%emt 0:00:04]} a6 {[%emt 0:00:05]} 11. b4 {[%emt 0:00:01]} g5 {
[%emt 0:00:12]} 12. e5 {[%emt 0:00:11]} Nf5 {[%emt 0:00:07]} 13. exd6 {[%emt 0:
00:11]} Nxe3 {[%emt 0:00:08]} 14. Qxe3 {[%emt 0:00:01]} cxd6 {[%emt 0:00:01]}
15. Ng3 {[%emt 0:00:13]} Rc8 {[%emt 0:00:28]} 16. Nge4 {[%emt 0:00:03]} Qe7 {
[%emt 0:00:09]} 17. O-O {[%emt 0:00:05]} Nf6 {[%emt 0:00:10]} 18. Rae1 {[%emt
0:00:17]} d5 {[%emt 0:00:20]} 19. Nxf6+ {[%emt 0:00:26]} Qxf6 {[%emt 0:00:06]}
20. Nxd5 {[%emt 0:00:13]} Bxd5 {[%emt 0:00:04]} 21. cxd5 {[%emt 0:00:02]} Qxd4
{[%emt 0:00:01]} 22. Qxd4 {[%emt 0:00:23]} Bxd4+ {[%emt 0:00:02]} 23. Kh1 {
[%emt 0:00:00]} e5 {[%emt 0:00:07]} 24. Re4 {[%emt 0:00:11]} b5 {[%emt 0:00:12]
} 25. Rfe1 {[%emt 0:00:03]} Kd7 {[%emt 0:00:09]} 26. g3 {[%emt 0:00:05]} Rc3 {
[%emt 0:00:02]} 27. Bb1 {[%emt 0:00:07]} Kd6 {[%emt 0:00:04]} 28. f4 {[%emt 0:
00:11]} gxf4 {[%emt 0:00:05]} 29. gxf4 {[%emt 0:00:01]} Re8 {[%emt 0:00:14]}
30. Rxd4 {[%emt 0:00:08]} exd4 {[%emt 0:00:23]} 31. Rxe8 {[%emt 0:00:08]} Rc1+
{[%emt 0:00:01]} 32. Kg2 {[%emt 0:00:05]} Rxb1 {[%emt 0:00:01]} 33. Ra8 {[%emt
0:00:10]} Kxd5 {[%emt 0:00:03]} 34. Rxa6 {[%emt 0:00:02]} Ke4 {[%emt 0:00:03]}
35. Rxh6 {[%emt 0:00:04]} Kxf4 {[%emt 0:00:06]} 36. Rf6+ {[%emt 0:00:01]} Ke3 {
[%emt 0:00:02]} 37. Rxf7 {[%emt 0:00:06]} d3 {[%emt 0:00:01]} 38. Rf3+ {[%emt
0:00:06]} Kd2 {[%emt 0:00:01]} 39. Rf2+ {[%emt 0:00:01]} Kc1 {[%emt 0:00:07]}
40. Rf1+ {[%emt 0:00:04]} Kc2 {[%emt 0:00:03]} 41. Rf2+ {[%emt 0:00:01]} d2 {
[%emt 0:00:01]} 42. Kf3 {[%emt 0:00:03]} Rb3+ {[%emt 0:00:01]} 43. Ke4 {[%emt
0:00:04]} Kc1 {[%emt 0:00:05]} 44. Rxd2 {[%emt 0:00:07]} Kxd2 {[%emt 0:00:01]}
45. h4 {[%emt 0:00:04]} Rh3 {[%emt 0:00:02]} 46. Kd5 {[%emt 0:00:03]} Rxh4 {
[%emt 0:00:01]} 47. Kc5 {[%emt 0:00:00]} Rh5+ {[%emt 0:00:01]} 48. Kb6 {[%emt
0:00:02]} Kc3 {[%emt 0:00:01]} 49. Ka5 {[%emt 0:00:01]} Kb3 {[%emt 0:00:01]}
50. a4 {[%emt 0:00:01]} bxa4+ {[%emt 0:00:02]} 51. Ka6 {[%emt 0:00:02]} a3 {
[%emt 0:00:01] Beckhambauer gibt auf} 0-1

[Event "Benidorm Satellite preliminary"]
[Site "playchess.com #007036"]
[Date "2009.10.24"]
[Round "10"]
[White "Althusius"]
[Black "Lagano"]
[Result "1-0"]
[WhiteElo "1833"]
[BlackElo "1981"]
[PlyCount "109"]
[EventDate "2009.10.24"]
[EventType "swiss (blitz)"]

1. e4 {[%emt 0:00:01]} e6 {[%emt 0:00:01]} 2. d4 {[%emt 0:00:01]} d5 {[%emt 0:
00:01]} 3. Nc3 {[%emt 0:00:01]} Bb4 {[%emt 0:00:02]} 4. e5 {[%emt 0:00:02]} c5
{[%emt 0:00:02]} 5. a3 {[%emt 0:00:02]} Bxc3+ {[%emt 0:00:01]} 6. bxc3 {[%emt
0:00:01]} Ne7 {[%emt 0:00:00]} 7. Qg4 {[%emt 0:00:06]} O-O {[%emt 0:00:02]} 8.
Bd3 {[%emt 0:00:09]} Nbc6 {[%emt 0:00:02]} 9. Nf3 {[%emt 0:00:11]} f5 {[%emt 0:
00:02]} 10. exf6 {[%emt 0:00:05]} Rxf6 {[%emt 0:00:03]} 11. Bg5 {[%emt 0:00:05]
} Rf7 {[%emt 0:00:04]} 12. Qh4 {[%emt 0:00:09]} h6 {[%emt 0:00:04]} 13. Bxe7 {
[%emt 0:00:12]} Qxe7 {[%emt 0:00:09]} 14. Qxe7 {[%emt 0:00:02]} Rxe7 {[%emt 0:
00:02]} 15. Bb5 {[%emt 0:00:26]} Nd8 {[%emt 0:00:13]} 16. a4 {[%emt 0:00:56]}
Nf7 {[%emt 0:00:16]} 17. O-O {[%emt 0:00:11]} c4 {[%emt 0:00:12]} 18. a5 {
[%emt 0:00:03]} e5 {[%emt 0:00:08]} 19. dxe5 {[%emt 0:00:26]} Nxe5 {[%emt 0:00:
04]} 20. Nxe5 {[%emt 0:00:01]} Rxe5 {[%emt 0:00:02]} 21. Rfe1 {[%emt 0:00:01]}
Rxe1+ {[%emt 0:00:03]} 22. Rxe1 {[%emt 0:00:00]} Kf7 {[%emt 0:00:01]} 23. Re8 {
[%emt 0:00:15]} a6 {[%emt 0:00:04]} 24. Bd7 {[%emt 0:00:04]} Bxd7 {[%emt 0:00:
22]} 25. Rxa8 {[%emt 0:00:00]} Be8 {[%emt 0:00:11]} 26. Rb8 {[%emt 0:00:05]}
Bc6 {[%emt 0:00:02]} 27. Kf1 {[%emt 0:00:02]} Ke7 {[%emt 0:00:07]} 28. Ke2 {
[%emt 0:00:01]} Ke6 {[%emt 0:00:04]} 29. Ke3 {[%emt 0:00:01]} Ke5 {[%emt 0:00:
02]} 30. f4+ {[%emt 0:00:02]} Kf5 {[%emt 0:00:05]} 31. h3 {[%emt 0:00:01]} Kf6
{[%emt 0:00:07]} 32. Kd4 {[%emt 0:00:03]} g6 {[%emt 0:00:05]} 33. g4 {[%emt 0:
00:02]} Ke6 {[%emt 0:00:06]} 34. Kc5 {[%emt 0:00:02]} Kf6 {[%emt 0:00:05]} 35.
Kb6 {[%emt 0:00:02]} d4 {[%emt 0:00:02]} 36. cxd4 {[%emt 0:00:01]} Bg2 {[%emt
0:00:01]} 37. Rxb7 {[%emt 0:00:02]} Bxh3 {[%emt 0:00:02]} 38. g5+ {[%emt 0:00:
09]} hxg5 {[%emt 0:00:02]} 39. fxg5+ {[%emt 0:00:01]} Kxg5 {[%emt 0:00:01]} 40.
Kxa6 {[%emt 0:00:01]} Bc8 {[%emt 0:00:07]} 41. Kb6 {[%emt 0:00:02]} Bxb7 {
[%emt 0:00:02]} 42. Kxb7 {[%emt 0:00:01]} Kf4 {[%emt 0:00:00]} 43. a6 {[%emt 0:
00:02]} g5 {[%emt 0:00:00]} 44. a7 {[%emt 0:00:01]} g4 {[%emt 0:00:00]} 45.
a8=Q {[%emt 0:00:02]} g3 {[%emt 0:00:00]} 46. Qf8+ {[%emt 0:00:01]} Ke3 {[%emt
0:00:01]} 47. Qg7 {[%emt 0:00:03]} g2 {[%emt 0:00:05]} 48. Qxg2 {[%emt 0:00:01]
} Kxd4 {[%emt 0:00:00]} 49. Qd2+ {[%emt 0:00:01]} Kc5 {[%emt 0:00:01]} 50. Qc3
{[%emt 0:00:01]} Kb5 {[%emt 0:00:01]} 51. Kc7 {[%emt 0:00:01]} Ka4 {[%emt 0:00:
01]} 52. Kd6 {[%emt 0:00:02]} Kb5 {[%emt 0:00:01]} 53. Kd5 {[%emt 0:00:01]} Ka4
{[%emt 0:00:01]} 54. Qxc4+ {[%emt 0:00:01]} Ka3 {[%emt 0:00:01]} 55. Qb3# {
[%emt 0:00:01]} 1-0